• 首页
  • 本馆介绍
  • 公告通知
  • 最新文献
  • 馆藏检索
  • 电子资源
  • 读者导购
  • 参考咨询
  • 我的图书馆
  • 登录
  • 详细信息显示
  • 放入我的书架
  • 预约/预借图书
  • 作者相关作品
  • 分类相关作品
  • 丛书相关作品
  • 出版社相关作品

书目信息

  • 表格格式
  • 工作单格式
  • 卡片格式
题名:
世界一流大学案例研究:高质量的秘密
    
 
作者: 汪霞 , 顾露雯 主编
分册:  
出版信息: 南京   南京大学出版社  2018.06
页数: 451页
开本: 26cm
丛书名: 世界一流大学研究丛书
单 册:
中图分类: G649.1
科图分类:
主题词: 高等学校--学校管理--案例--世界
电子资源:
ISBN: 978-7-305-20013-7
000 01501oam2 2200277 450
001 1033
005 20180927101857.58
010    @a978-7-305-20013-7@dCNY88.00
100    @a20180819d2018 em y0chiy50 ea
101 0  @achi
102    @aCN@b320000
105    @ay z 000yy
200 1  @a世界一流大学案例研究:高质量的秘密@Ashi jie yi liu da xue an li yan jiu:gao zhi liang de mi mi@9shi jie yi liu da xue an li yan jiu@e高质量的秘密@dCase studies on the world first class universities@ethe secrets of high quality@f汪霞,顾露雯主编@zeng
210    @a南京@c南京大学出版社@d2018.06
215    @a451页@d26cm
225 1  @a世界一流大学研究丛书@v3
300    @a江苏省高等教育教改研究重中之重课题资助 江苏省第四期“333高层次人才培养工程”第二层次资助 全国高校出版社主题出版选题
330    @a本书以发达国家与世界一流大学的关系为切入点,选取了美国、英国、加拿大、澳大利亚等发达国家的共计12所世界一流大学案例,对它们的办学理念、管理体系、专业设置、课程结构、国际化战略、教学保障、经费投入、科研管理等进行多方位揭示与多维度研究,期望探索世界一流大学的成功之道和保持高质量的秘密,以期对我国创建世界一流大学提供启示与经验。
461  0 @12001 @a世界一流大学研究丛书
510 1  @aCase studies on the world first class universities@ethe secrets of high quality@zeng
606 0  @a高等学校@x学校管理@x案例@y世界
690    @aG649.1@v5
701  0 @a汪霞@9wang xia@c(女,@f1963-)@4主编
701  0 @a顾露雯@9gu lu wen@c(女,@f1975-)@4主编
801  0 @aCN@b91MARC@c20180819
905    @aMuseLib@dG649.1@e1051
    
    世界一流大学案例研究:高质量的秘密:高质量的秘密=Case studies on the world first class universities:the secrets of high quality/汪霞,顾露雯主编.-南京:南京大学出版社,2018.06
    451页;26cm.-(世界一流大学研究丛书;3)
    江苏省高等教育教改研究重中之重课题资助 江苏省第四期“333高层次人才培养工程”第二层次资助 全国高校出版社主题出版选题
    
    ISBN 978-7-305-20013-7:CNY88.00
    本书以发达国家与世界一流大学的关系为切入点,选取了美国、英国、加拿大、澳大利亚等发达国家的共计12所世界一流大学案例,对它们的办学理念、管理体系、专业设置、课程结构、国际化战略、教学保障、经费投入、科研管理等进行多方位揭示与多维度研究,期望探索世界一流大学的成功之道和保持高质量的秘密,以期对我国创建世界一流大学提供启示与经验。
●
相关链接 在E读中查询图书 在五车中查询图书 在当当中查询图书 在豆瓣中查询图书


正题名:世界一流大学案例研究:高质量的秘密     索取号:G649.1/1051         预约/预借

序号 登录号 条形码 馆藏地/架位号 状态 备注
1 1120849   211208496   第一样本阅览室/ [索取号:G649.1/1051] 在馆    
2 1120850   211208502   密集书库-资源管理系/ [索取号:G649.1/1051] 在馆    
3 1120851   211208511   第四借阅区/ [索取号:G649.1/1051] 在馆    
4 1120852   211208520   第四借阅区/ [索取号:G649.1/1051] 在馆    
5 1120853   211208539   第四借阅区/ [索取号:G649.1/1051] 在馆    
唐山师范学院图书馆 欢迎您!
大连网信软件有限公司© 版权所有